Animé - Personnages en D - Statistiques

Statistiques générales
  • Ce quiz a été pris 117 fois
  • Le résultat moyen est 7 sur 36
Statistiques - réponses
Personnage % Correct
Dr. Géro
79%
Draken
55%
Dio Brando
47%
Dan Katô
46%
Dan Straight
46%
Daï
39%
Daï Maito
39%
Diane
38%
Deidara
37%
Denki Kaminari
36%
Denki Kaminarimon
36%
Doflamingo Don Quichotte
31%
Daiki Aomine
29%
Danzô Shimura
29%
Daki
23%
Darui
19%
Dâbra
9%
Dolor
9%
Dreyfus
9%
Droy
9%
Dutch
9%
Derrierie
6%
Dende
5%
Dimaria Iesta
4%
Deliora
3%
Delta
3%
Dyspo
3%
Delia Ketchum
2%
Dogget
2%
D-6
1%
Daphné
1%
Deneb
1%
Dieu Sylvestre
1%
Dobengal
1%
Draculos Hyberion
1%
Drierte
1%
Aucun quiz correspondant
Distribution des résultats
% des personnes avec chaque résultat
Percentile par nombre de réponses
Votre historique - résultats
Vous n’avez pas pris ce quiz